UK Constituencies - East Midlands - Statistics

General Stats
  • This quiz has been taken 30 times
  • The average score is 33 of 47
Answer Stats
Constituency % Correct
Derby North
100%
Derby South
100%
Lincoln
100%
Nottingham East
100%
Nottingham South
100%
Amber Valley
88%
Derbyshire Dales
88%
Leicester East
88%
Leicester South
88%
Leicester West
88%
Loughborough
88%
Mansfield
88%
Rushcliffe
88%
Bassetlaw
75%
Boston and Skegness
75%
Chesterfield
75%
High Peak
75%
Melton and Syston
75%
North West Leicestershire
75%
Rutland and Stamford
75%
South Derbyshire
75%
South Leicestershire
75%
Ashfield
63%
Bolsover
63%
Gainsborough
63%
Gedling
63%
Grantham and Bourne
63%
Harborough, Oadby and Wigston
63%
Hinckley and Bosworth
63%
Kettering
63%
Newark
63%
North East Derbyshire
63%
Nottingham North and Kimberley
63%
Sherwood Forest
63%
Sleaford and North Hykeham
63%
South Holland and The Deepings
63%
South Northamptonshire
63%
Broxtowe
50%
Corby and East Northamptonshire
50%
Daventry
50%
Louth and Horncastle
50%
Mid Derbyshire
50%
Mid Leicestershire
50%
Northampton North
50%
Northampton South
50%
Wellingborough and Rushden
50%
Erewash
38%
No matching quizzes found
Score Distribution
Percent of People with Each Score
Percentile by Number Answered
Your Score History
You have not taken this quiz